MARC details
| 000 -LEADER |
| fixed length control field |
01001nam a2200253 a 4500 |
| 008 - FIXED-LENGTH DATA ELEMENTS--GENERAL INFORMATION |
| fixed length control field |
120416s1988 ||||||||||||||||| || u |
| 020 ## - INTERNATIONAL STANDARD BOOK NUMBER |
| International Standard Book Number |
1850431051 |
| 050 ## - LIBRARY OF CONGRESS CALL NUMBER |
| Classification number |
HD 88 New |
| 100 ## - MAIN ENTRY--PERSONAL NAME |
| Personal name |
Hadjor, Kofi Buenor |
| 245 10 - TITLE STATEMENT |
| Title |
New perspectives in North-South dialogue |
| Statement of responsibility, etc. |
edited by Kofi Buenor Hadjor |
| 246 ## - VARYING FORM OF TITLE |
| Title proper/short title |
essays in honour of Olof Palme |
| 260 ## - PUBLICATION, DISTRIBUTION, ETC. |
| Place of publication, distribution, etc. |
London |
| Name of publisher, distributor, etc. |
Third World Communications |
| Date of publication, distribution, etc. |
1988 |
| 300 ## - PHYSICAL DESCRIPTION |
| Extent |
343p. : ill |
| 350 ## - PRICE (NR) (BK AM CF MU VM SE) [OBSOLETE] |
| Price |
0.00 |
| 650 ## - SUBJECT ADDED ENTRY--TOPICAL TERM |
| Topical term or geographic name entry element |
ECONOMIC DEVELOPMENT--INTERNATIONAL COOPERATION |
| 650 #0 - SUBJECT ADDED ENTRY--TOPICAL TERM |
| Topical term or geographic name entry element |
ECONOMICS |
| 650 #0 - SUBJECT ADDED ENTRY--TOPICAL TERM |
| Topical term or geographic name entry element |
INTERNATIONAL ECONOMIC RELATIONS |
| 650 ## - SUBJECT ADDED ENTRY--TOPICAL TERM |
| Topical term or geographic name entry element |
DEVELOPING COUNTRIES--FOREIGN ECONOMIC RELATIONS |
| 650 ## - SUBJECT ADDED ENTRY--TOPICAL TERM |
| Topical term or geographic name entry element |
Palme, Olof, 1927-1986 |
| 650 ## - SUBJECT ADDED ENTRY--TOPICAL TERM |
| Topical term or geographic name entry element |
WORLD POLITICS--1985-1995 |
| 700 ## - ADDED ENTRY--PERSONAL NAME |
| Personal name |
Palme, Olof, 1927-1986 |
| 856 ## - ELECTRONIC LOCATION AND ACCESS |
| Uniform Resource Identifier |
<a href="http://www.loc.gov/catdir/toc/hol052/88171725.html">http://www.loc.gov/catdir/toc/hol052/88171725.html</a> |
| 995 ## - RECOMMENDATION 995 [LOCAL, UNIMARC FRANCE] |
| -- |
0.00 |
| -- |
CBU-MAIN LIBRARY (Kitwe) |
| -- |
1 |
| -- |
30000.00 |
| -- |
1 |
| -- |
LOST |
| -- |
Mar 11, 2013 |
| -- |
Main Library Open Access Collection |